| 000 | 00549nam a22001817a 4500 | ||
|---|---|---|---|
| 008 | 211105b |||||||| |||| 00| 0 eng d | ||
| 020 | _a1489983435 | ||
| 050 | _aRA349.9 O44 2009 | ||
| 100 | _aOleske, Denise M. | ||
| 245 |
_aEdipemiology and the Delivery of Health Care Services _bMethods and Applications _cDenise M. Oleske |
||
| 250 | _a3rd ed. | ||
| 260 |
_aNew York _bSpringer _c2009 |
||
| 300 | _axiii, 350p. | ||
| 650 |
_aHealth planning _vMethodology |
||
| 650 | _aEpidemiology | ||
| 650 |
_aHealth planning _vMethods |
||
| 942 |
_2lcc _cBK |
||
| 999 |
_c19103 _d19102 |
||